|
|
|
|
| LEADER |
01078nam#a22003015a#4500 |
| 001 |
019383 |
| 005 |
20160721154826.0 |
| 008 |
071109s2007####sp#ad####b####001#0#spa#d |
| 040 |
|
|
|a AR-beUNQ
|
| 082 |
0 |
4 |
|a 509
|2 21
|
| 100 |
1 |
|
|a Solís, Carlos
|
| 245 |
0 |
2 |
|a Historia de la ciencia
|c Carlos Solís y Manuel Sellés.
|
| 250 |
|
|
|a 2a. ed.
|
| 260 |
|
|
|a Madrid :
|b Espasa Calpe,
|c 2007.
|
| 300 |
|
|
|a 1191 p. :
|b il., gráficos ;
|c 22 cm.
|
| 490 |
0 |
|
|a Espasa Forum
|
| 504 |
|
|
|a Incluye bibliografía e índice.
|
| 650 |
|
7 |
|a Historia de la ciencia
|2 Spines
|
| 650 |
|
7 |
|a Historia contemporánea
|2 Spines
|
| 650 |
|
7 |
|a Ciencias físicas y naturales
|2 Spines
|
| 650 |
|
7 |
|a Historia moderna
|2 Spines
|
| 650 |
|
7 |
|a Ciencias fundamentales
|2 Spines
|
| 650 |
|
7 |
|a Filosofía de la ciencia
|2 Spines
|
| 700 |
1 |
|
|a Sellés, Manuel
|e aut
|4 aut
|
| 929 |
|
|
|a COMPRA
|b Ciencia y técnica
|c Exp. 827-1088/06 2a. compra
|d 185,00
|e 20071108
|f PAT0022063
|j 41127
|
| 929 |
|
|
|a COMPRA
|b Ciencia y técnica
|c Exp. 827-1088/06 2a. compra
|d 185,00
|e 20071108
|f PAT0022064
|j 41128
|
| 942 |
|
|
|c LIB
|n 0
|
| 999 |
|
|
|c 19263
|d 94650
|